| 000 | 00792nam a2200241 i 4500 | ||
|---|---|---|---|
| 001 | 86630 | ||
| 003 | ES-MaACL | ||
| 005 | 20250819052225.0 | ||
| 007 | t| | ||
| 008 | 041214s1946 mx ||||1| spa d | ||
| 080 | _a301.08 | ||
| 100 | 1 |
_aKaufmann, Félix. _967650 |
|
| 245 | 1 | 0 |
_aMetodología de las ciencias sociales / _cFélix Kaufmann ; versión española de Eugenio Imaz. |
| 250 | _a1ª ed. española. | ||
| 260 |
_aMéxico : _bFondo de Cultura Económica, _c1946 ( _fGráf. Panamericana) |
||
| 300 |
_aXI, 428 p. ; _c22 cm. |
||
| 490 | 1 | _aSección de obras de sociología | |
| 650 | 4 |
_aCiencias sociales- _xMetodología _910996 |
|
| 700 | 1 |
_aImaz, Eugenio. _965203 |
|
| 830 | 1 |
_aSección de obras de sociología _9179836 |
|
| 852 | 4 |
_aES-MaACL _jB-2251 |
|
| 999 |
_c86630 _d86630 |
||